00432nam a2200157Ia 450000100060000000300070000600800410001304000110005408000140006510000180007924500740009726000110017130000150018265300590019765300180025614451GE_BSU181216s||||||||xx |||||||||||||| ||und|| cGE_BSU a821.111-3 aCooke,Ctenson aThis Motoring. Being the romantic Story of the Automobile Association aLondon a268p.18cm. aBeing the romantic Story of the Automobile Association aThis Motoring